[Event "Titled Tue 1st Jul Late"]
[Site "chess.com INT"]
[Date "2025.07.01"]
[Round "5"]
[White "Foldes, Marton Gabor"]
[Black "Munoz, Miguel"]
[Result "0-1"]
[WhiteTitle "FM"]
[BlackTitle "GM"]
[WhiteElo "2295"]
[BlackElo "2321"]
[WhiteFideId "794708"]
[BlackFideId "3800229"]
[EventDate "2025.07.01"]

1. Nf3 c5 2. g3 Nc6 3. Bg2 g6 4. O-O Bg7 5. e3 e5 6. c4 Nge7 7. Nc3 O-O 8. a3 h6
9. Rb1 d6 10. b4 Bf5 11. d3 Qd7 12. bxc5 dxc5 13. e4 Bg4 14. Nd5 Nxd5 15. cxd5
Nd4 16. Be3 f5 17. Bxd4 exd4 18. h3 Bh5 19. a4 fxe4 20. dxe4 Bxf3 21. Bxf3 c4
22. Bg4 Qc7 23. Be6+ Kh7 24. h4 h5 25. f4 d3 26. e5 a6 27. d6 Qc5+ 28. Kh2 b5
29. g4 Bh6 30. f5 Qxe5+ 31. Kh1 Qe4+ 32. Qf3 Qxf3+ 33. Rxf3 hxg4 34. fxg6+ Kxg6
35. Rg3 Kf6 36. Bxg4 Ke5 37. d7 Rab8 38. Re1+ Kd4 39. Rf3 Rxf3 40. Bxf3 Rd8 41.
Bg4 c3 42. Re8 c2 43. Rxd8 c1=Q+ 44. Kg2 Qd2+ 45. Kh3 Qe3+ 46. Kg2 Qd2+ 47. Kh3
Bf4 48. Bf5 Qe3+ 49. Kg4 Qg3+ 50. Kh5 Qf3+ 51. Bg4 Qd5+ 52. Kg6 Bc7 53. Re8 bxa4
54. Rc8 Qd6+ 55. Kh5 a3 0-1

[Event "Titled Tue 1st Jul Late"]
[Site "chess.com INT"]
[Date "2025.07.01"]
[Round "5"]
[White "Hofstadler, Mario"]
[Black "Fadi, Marko"]
[Result "0-1"]
[WhiteTitle "CM"]
[BlackTitle "FM"]
[WhiteElo "2172"]
[BlackElo "2298"]
[WhiteFideId "1660497"]
[BlackFideId "10605371"]
[EventDate "2025.07.01"]

1. e4 c5 2. Nf3 Nc6 3. g3 g6 4. Bg2 Bg7 5. d3 e5 6. O-O Nge7 7. c3 O-O 8. Qc2 d5
9. exd5 Nxd5 10. h3 h6 11. a3 Be6 12. Nbd2 Qd7 13. Re1 Bxh3 14. Ne4 Bxg2 15.
Kxg2 Qe7 16. Rh1 f5 17. Ned2 g5 18. Nc4 e4 19. dxe4 fxe4 20. Nh2 Qe6 21. Re1
Rae8 22. Be3 b6 23. Rad1 Nxc3 24. Rd6 Qxc4 25. Rxc6 Qd5 26. Rc7 Nb5 27. Rd1 Nd4
28. Qa4 a5 29. Rd7 Qe6 30. Rb7 Re7 31. Rxe7 Qxe7 32. Qc4+ Qf7 33. Qa6 Qe6 34.
Qb7 Rf7 35. Qb8+ Kh7 36. b4 axb4 37. axb4 Nf5 38. Nf1 Nh4+ 39. Kh2 Nf3+ 40. Kg2
Qg4 41. Qxb6 Nh4+ 42. Kh2 Qxd1 43. Nd2 Nf3+ 44. Nxf3 Qxf3 45. Qxc5 Qf5 46. Qc4
h5 47. b5 h4 48. gxh4 gxh4 49. b6 Be5+ 50. Kh1 Rg7 51. Qf1 Qf3+ 0-1

[Event "Titled Tue 1st Jul Late"]
[Site "chess.com INT"]
[Date "2025.07.01"]
[Round "5"]
[White "Li, Yilin"]
[Black "Clawitter, Craig"]
[Result "0-1"]
[WhiteTitle "WFM"]
[WhiteElo "1922"]
[BlackElo "2050"]
[WhiteFideId "8610410"]
[BlackFideId "2023105"]
[EventDate "2025.07.01"]

1. e4 e5 2. Nf3 Nc6 3. Bb5 a6 4. Ba4 Nf6 5. O-O Be7 6. Re1 b5 7. Bb3 d6 8. c3
O-O 9. h3 Nb8 10. d4 Nbd7 11. Nbd2 Bb7 12. d5 Re8 13. Nf1 Bf8 14. g4 Nc5 15. Bc2
c6 16. dxc6 Bxc6 17. Ng3 a5 18. g5 Nfd7 19. Nf5 Nb6 20. Kh2 b4 21. Bd2 Nc4 22.
cxb4 Nxd2 23. Qxd2 axb4 24. Qxb4 d5 25. exd5 Qxd5 26. N5h4 Nd3 27. Qc3 Nxe1 28.
Rxe1 Rac8 29. Bb3 Qc5 30. Qxc5 Bxc5 31. Nxe5 Rxe5 32. Rxe5 Bd6 33. f4 Bxe5 34.
fxe5 Re8 35. g6 hxg6 36. Nxg6 Be4 37. Nf4 Rxe5 38. Kg3 Rc5 39. Kg4 Bc2 40. Bd5
g5 41. Kxg5 Be4 42. Kf6 Bxd5 43. b3 Be4 0-1

[Event "Titled Tue 1st Jul Late"]
[Site "chess.com INT"]
[Date "2025.07.01"]
[Round "5"]
[White "Slovineanu, Viacheslav"]
[Black "Marcziter, Dmitrii"]
[Result "1-0"]
[WhiteTitle "IM"]
[BlackTitle "FM"]
[WhiteElo "2412"]
[BlackElo "2208"]
[WhiteFideId "13900510"]
[BlackFideId "13900765"]
[EventDate "2025.07.01"]

1. d4 d5 2. Nf3 c5 3. c4 e6 4. cxd5 exd5 5. e3 Nf6 6. Bb5+ Nc6 7. O-O a6 8.
Bxc6+ bxc6 9. Qc2 c4 10. b3 cxb3 11. axb3 Bd7 12. Nc3 Bd6 13. Ba3 Qe7 14. Bxd6
Qxd6 15. Na4 O-O 16. Rfc1 Ne4 17. Nb6 Ra7 18. Nxd7 Qxd7 19. Ne5 Qd6 20. Qxc6 Qd8
21. Rxa6 Rxa6 22. Qxa6 Qb8 23. Nd7 Qa8 24. Qxa8 Rxa8 25. Nb6 Rb8 26. Nxd5 Nd2
27. b4 f6 28. g4 Kf7 29. Rc2 Ne4 30. f3 Ng5 31. Kg2 Ke6 32. Nf4+ Kd6 33. h4 Nf7
34. Nd3 Nd8 35. f4 Nc6 36. Kf3 g6 37. Ra2 Nxb4 38. Nxb4 Rxb4 39. Ra6+ Kd5 40.
Rxf6 Rb2 41. Rf7 h5 42. gxh5 gxh5 43. Rf5+ Ke6 44. Ke4 Rh2 45. Rxh5 Kd6 46. Rh6+
Ke7 47. Ke5 Rh3 48. e4 Ra3 49. d5 Ra5 50. Rh7+ Kf8 51. Rb7 Kg8 52. Kf6 Ra6+ 53.
Kf5 Rh6 54. e5 Ra6 55. d6 Kf8 56. Ke6 Ra8 57. f5 Re8+ 58. Kf6 Kg8 59. d7 Rf8+
60. Ke7 Rxf5 61. d8=Q+ 1-0

[Event "Titled Tue 1st Jul Late"]
[Site "chess.com INT"]
[Date "2025.07.01"]
[Round "5"]
[White "Terletsky, Oleg"]
[Black "Akhayan, Ruben"]
[Result "1-0"]
[WhiteTitle "IM"]
[BlackTitle "FM"]
[WhiteElo "2160"]
[BlackElo "2265"]
[WhiteFideId "14116774"]
[BlackFideId "204439"]
[EventDate "2025.07.01"]

1. e4 e5 2. Nf3 Nc6 3. Nc3 Nf6 4. d4 exd4 5. Nxd4 Bb4 6. Nxc6 bxc6 7. Bd3 d5 8.
exd5 O-O 9. O-O cxd5 10. Bg5 c6 11. Qf3 Bd6 12. Bxf6 Qxf6 13. Qxf6 gxf6 14. Ne2
Rb8 15. b3 Bd7 16. Ng3 Rfc8 17. Nf5 Bxf5 18. Bxf5 Rd8 19. Rad1 Be5 20. Rd3 Rb4
21. Rh3 Rf4 22. Bxh7+ Kg7 23. Bd3 Rh8 24. Rxh8 Kxh8 25. g3 Rb4 26. Re1 Kg7 27.
Kg2 c5 28. f4 Bd6 29. Re8 c4 30. Bf5 cxb3 31. axb3 Rd4 32. Bd3 a5 33. Ra8 Bb4
34. Kf3 Bd2 35. Ra7 Rb4 36. Rd7 d4 37. Ra7 Rb8 38. Bc4 Rf8 39. h4 f5 40. Bd3 Kf6
41. Ra6+ Kg7 42. Bxf5 Re8 43. Be4 f5 44. Bxf5 Re3+ 45. Kg4 Be1 46. Ra7+ Kf6 47.
Ra6+ Kf7 48. Bg6+ Kg7 49. h5 Rxg3+ 50. Kf5 d3 51. Ra7+ Kf8 52. cxd3 Rxd3 53. h6
Rd5+ 54. Ke4 Rd6 55. h7 Bc3 56. f5 Bd4 57. Rf7+ Ke8 58. Rf6+ Ke7 59. Rxd6 Kxd6
60. Kxd4 1-0

[Event "Titled Tue 1st Jul Late"]
[Site "chess.com INT"]
[Date "2025.07.01"]
[Round "5"]
[White "Baturin-Vinogradov, Miroslav"]
[Black "Obregon Rivero, Juan Carlos"]
[Result "1-0"]
[WhiteTitle "CM"]
[BlackTitle "GM"]
[WhiteElo "2046"]
[BlackElo "2477"]
[WhiteFideId "55745741"]
[BlackFideId "3507815"]
[EventDate "2025.07.01"]

1. e4 c5 2. Nf3 d6 3. d4 cxd4 4. Nxd4 Nf6 5. Nc3 Nc6 6. Nxc6 bxc6 7. Be2 g6 8.
O-O Bg7 9. Be3 O-O 10. Qd2 Qc7 11. Bh6 Rb8 12. Bxg7 Kxg7 13. b3 Qa5 14. Rad1 Be6
15. Qe3 d5 16. exd5 cxd5 17. Na4 Rfc8 18. Bd3 Qc7 19. Rfe1 Kg8 20. Qg3 Qxg3 21.
hxg3 Kf8 22. a3 Bf5 23. Bxf5 gxf5 24. Re2 e6 25. f3 Rc7 26. Kf2 Rbc8 27. Rdd2 h5
28. Nb2 Kg7 29. Nd3 Rh8 30. Ne5 h4 31. gxh4 Rxh4 32. Re1 Ne8 33. c4 Nf6 34. cxd5
Nxd5 35. Nc4 Rh8 36. Ne3 Nf6 37. Nc4 Rb8 38. Rd3 Nd5 39. Ne3 Nf4 40. Rd4 Ng6 41.
b4 Rc3 42. Ra1 Ne5 43. Ke2 Kf6 44. Rd6 f4 45. Nd5+ Kf5 46. Nxc3 Rc8 47. Rc1 Nc4
48. Ne4 Ke5 49. Rd3 1-0

[Event "Titled Tue 1st Jul Late"]
[Site "chess.com INT"]
[Date "2025.07.01"]
[Round "5"]
[White "Cieslak, Patryk"]
[Black "Craciun, Sasha-Matei"]
[Result "1-0"]
[WhiteTitle "FM"]
[BlackTitle "FM"]
[WhiteElo "2442"]
[BlackElo "2320"]
[WhiteFideId "21078882"]
[BlackFideId "1281186"]
[EventDate "2025.07.01"]

1. Nf3 d5 2. d4 Nf6 3. Bf4 e6 4. e3 c5 5. Nbd2 Bd6 6. c3 cxd4 7. cxd4 Bxf4 8.
exf4 Nc6 9. Bd3 Qb6 10. Nb3 Qb4+ 11. Qd2 Qxd2+ 12. Kxd2 b6 13. Ne5 Bd7 14. Rac1
Nb4 15. Bb1 Ba4 16. Rc7 O-O 17. Nc1 Na6 18. Rc3 Rac8 19. Ne2 Rfd8 20. Rxc8 Rxc8
21. Nc3 Be8 22. a3 Kf8 23. Bd3 Nb8 24. f3 Ke7 25. g4 Nfd7 26. Re1 h6 27. Nxd7
Kxd7 28. f5 Kd6 29. fxe6 fxe6 30. Rxe6+ Kxe6 31. Bf5+ Kf6 32. Bxc8 Bc6 33. Ke3
g5 34. f4 Ke7 35. Bf5 Na6 36. Nd1 Nc7 37. Nf2 Ne8 38. Nd3 Nd6 39. Ne5 Ba4 40.
Bd3 Kf6 41. Nf3 Bd1 42. Ne5 Ba4 43. h3 Be8 44. Nf3 Ba4 45. h4 gxh4 46. Nxh4 Bd1
47. Nf3 Bxf3 48. Kxf3 a5 49. Kg3 Nb7 50. Kh4 Nd8 51. Kh5 Kg7 52. f5 Nf7 53. Bb5
Ng5 54. Bc6 Ne4 55. Bb7 Kh7 56. Kh4 Nf6 57. g5 hxg5+ 58. Kxg5 Kg7 59. Kf4 Kf7
60. Ke5 Ke7 61. Bxd5 Nd7+ 62. Ke4 Kf6 63. Be6 Nb8 64. Kd5 b5 65. Kc5 b4 66. axb4
axb4 67. Kxb4 1-0

[Event "Titled Tue 1st Jul Late"]
[Site "chess.com INT"]
[Date "2025.07.01"]
[Round "5"]
[White "Tang, Zoey"]
[Black "Sheremetev, Vladislav"]
[Result "1-0"]
[WhiteTitle "FM"]
[BlackTitle "CM"]
[WhiteElo "2356"]
[BlackElo "2133"]
[WhiteFideId "30952530"]
[BlackFideId "54188300"]
[EventDate "2025.07.01"]

1. e4 c5 2. Nf3 d6 3. d4 cxd4 4. Nxd4 Nf6 5. Nc3 a6 6. Be3 e5 7. Nb3 Be7 8. f3
Be6 9. Qd2 h5 10. Be2 Nbd7 11. Nd5 Bxd5 12. exd5 b6 13. O-O-O Nc5 14. Kb1 a5 15.
Nxc5 bxc5 16. a4 g6 17. g4 Rb8 18. Bb5+ Rxb5 19. axb5 hxg4 20. f4 exf4 21. Bxf4
Ne4 22. Qg2 f5 23. Rhe1 Qd7 24. b6 Kf7 25. Rxe4 fxe4 26. Rf1 Kg7 27. Qxe4 Rb8
28. Qe3 Rxb6 29. Bh6+ Kg8 30. Qe4 Kh7 31. Bd2 Rxb2+ 32. Kxb2 Qb5+ 33. Ka2 Qxf1
34. Qxe7+ Kg8 35. Qe6+ Kh7 36. Qd7+ Kg8 37. Qc8+ Kh7 38. Qxg4 Qf2 39. Qd7+ Kg8
40. Qe6+ Kh7 41. Qe7+ Kg8 42. Qg5 Qf5 43. Qxf5 gxf5 44. Bf4 c4 45. Bxd6 Kf7 46.
Bf4 Ke7 1-0

[Event "Titled Tue 1st Jul Late"]
[Site "chess.com INT"]
[Date "2025.07.01"]
[Round "5"]
[White "Linares Orellana, Hector Jose"]
[Black "Kharitonov, Sergei"]
[Result "1/2-1/2"]
[WhiteTitle "FM"]
[BlackTitle "CM"]
[WhiteElo "2111"]
[BlackElo "2014"]
[WhiteFideId "7304307"]
[BlackFideId "4129750"]
[EventDate "2025.07.01"]

1. e4 c5 2. Nf3 d6 3. Bb5+ Nd7 4. O-O g6 5. c3 a6 6. Ba4 b5 7. Bc2 Bg7 8. Re1 c4
9. d4 cxd3 10. Bxd3 Bb7 11. Bf4 Nc5 12. Bc2 Nf6 13. Nbd2 Nfd7 14. Qe2 O-O 15.
Rad1 Qb6 16. Qe3 Ne6 17. Qxb6 Nxb6 18. Be3 Nc4 19. Nxc4 bxc4 20. Nd2 Rfc8 21.
Rb1 a5 22. f4 Ba6 23. Rf1 Nc5 24. Rf3 Rab8 25. Bxc5 Rxc5 26. f5 Be5 27. g3 g5
28. h3 h5 29. Re3 Rb6 30. Nf3 Bf6 31. Nd4 Bb7 32. Bd1 Bxd4 33. cxd4 Rcb5 34. b3
a4 35. Bxh5 cxb3 36. axb3 a3 37. Ra1 Rxb3 38. Rxa3 Rxa3 39. Rxa3 Bxe4 40. Bg4
Rb1+ 41. Kf2 Rb2+ 42. Ke3 d5 43. Ra8+ Kg7 44. Re8 Kf6 45. Rc8 Rb3+ 46. Kf2 Rd3
47. Rc6+ Kg7 48. Rc7 Kf8 49. Rc8+ Kg7 50. Rc7 Kf6 51. Rc6+ Kg7 52. Rc7 1/2-1/2

[Event "Titled Tue 1st Jul Late"]
[Site "chess.com INT"]
[Date "2025.07.01"]
[Round "5"]
[White "Shankland, Sam"]
[Black "Tabatabaei, M. Amin"]
[Result "0-1"]
[WhiteTitle "GM"]
[BlackTitle "GM"]
[WhiteElo "2666"]
[BlackElo "2655"]
[WhiteFideId "2004887"]
[BlackFideId "12521213"]
[EventDate "2025.07.01"]

1. c4 e5 2. g3 d6 3. Bg2 Nc6 4. Nc3 g6 5. e3 Bg7 6. Nge2 h5 7. h3 h4 8. g4 f5 9.
gxf5 Bxf5 10. d3 Qd7 11. e4 Be6 12. Bg5 Nd8 13. Qd2 Nf7 14. Be3 g5 15. Nd5 c6
16. Qa5 Qd8 17. Qxd8+ Kxd8 18. Ndc3 Ne7 19. b3 Ng6 20. O-O-O Nf4 21. Bf1 Ke7 22.
d4 a5 23. d5 Bd7 24. c5 Rac8 25. Kb1 cxd5 26. Nxf4 exf4 27. Nxd5+ Ke8 28. Bc1
Rxc5 29. Ba3 Rc6 30. Bb5 Be5 31. Bb2 Be6 32. Nb6 Ke7 33. Bxc6 bxc6 34. Rd2 Bxb2
35. Kxb2 Ne5 36. Rc2 Rb8 37. Na4 Rb4 38. Nc3 a4 39. Nxa4 Rxe4 40. Nc3 Rb4 41.
Kc1 Bf5 42. Rd2 d5 43. Re1 Kf6 44. Rxd5 Nd3+ 45. Rxd3 Bxd3 46. Kd2 Bf5 47. Rh1
Rd4+ 48. Kc1 Rd3 0-1

[Event "Titled Tue 1st Jul Late"]
[Site "chess.com INT"]
[Date "2025.07.01"]
[Round "5"]
[White "Muradli, Mahammad"]
[Black "Gasparyan, Erik R."]
[Result "0-1"]
[WhiteTitle "GM"]
[BlackTitle "IM"]
[WhiteElo "2609"]
[BlackElo "2372"]
[WhiteFideId "13409301"]
[BlackFideId "13315730"]
[EventDate "2025.07.01"]

1. b3 Nf6 2. Bb2 e6 3. Nf3 b6 4. g3 Bb7 5. Bg2 Be7 6. c4 O-O 7. O-O d5 8. d4
Nbd7 9. Nc3 c5 10. Ne1 Rc8 11. cxd5 Nxd5 12. Nxd5 Bxd5 13. Bxd5 exd5 14. dxc5
Nxc5 15. Nf3 Re8 16. Rc1 Bf6 17. Bxf6 Qxf6 18. Kg2 Rcd8 19. e3 Ne6 20. Re1 Rd7
21. Rc6 g6 22. Re2 Qf5 23. Rd2 Qe4 24. Qc2 Red8 25. Rc8 Kg7 26. Rxd8 Rxd8 27. h4
Qxc2 28. Rxc2 d4 29. exd4 Nxd4 30. Rd2 Ne6 31. Rxd8 Nxd8 32. Nd4 Kf6 33. Kf3 Ke5
34. Ke3 Kd5 35. Nb5 a5 36. Nc3+ Kc5 37. a3 Ne6 38. Ne4+ Kc6 39. g4 Nc5 40. Nxc5
Kxc5 41. Kd3 f6 42. f4 Kd5 43. g5 f5 44. a4 Kc5 45. Kc3 b5 0-1

[Event "Titled Tue 1st Jul Late"]
[Site "chess.com INT"]
[Date "2025.07.01"]
[Round "5"]
[White "Pakleza, Zbigniew"]
[Black "Lebedev, Artem S."]
[Result "0-1"]
[WhiteTitle "GM"]
[BlackTitle "CM"]
[WhiteElo "2484"]
[BlackElo "2164"]
[WhiteFideId "1119290"]
[BlackFideId "34272747"]
[EventDate "2025.07.01"]

1. d4 Nf6 2. Nf3 d5 3. Bf4 e6 4. Nbd2 Bd6 5. Bg3 O-O 6. e3 c5 7. Be2 Nc6 8. c3
Qc7 9. dxc5 Bxg3 10. hxg3 e5 11. b4 e4 12. Nd4 Ne5 13. c4 Bg4 14. O-O dxc4 15.
Bxg4 Nfxg4 16. Nxe4 Rad8 17. Nd6 Rxd6 18. cxd6 Qxd6 19. Nf5 Qf6 20. f3 Qxf5 21.
fxg4 Qxg4 22. Qxg4 Nxg4 23. e4 f6 24. a4 Ne5 25. Rfd1 Rc8 26. Rac1 Kf7 27. Rd5
b6 28. a5 Ke7 29. Kf2 Rb8 30. Ke2 bxa5 31. Rxa5 Rxb4 32. Rxa7+ Kf8 33. Rd1 Rb2+
34. Ke3 Rb3+ 35. Kf4 Nd3+ 36. Kf5 Rb5+ 37. Ke6 Re5+ 38. Kd6 Rxe4 39. Rb1 Rd4+
40. Kc6 Ne5+ 41. Kc5 Rd8 42. Rbb7 Rc8+ 43. Kd4 Nc6+ 0-1

[Event "Titled Tue 1st Jul Late"]
[Site "chess.com INT"]
[Date "2025.07.01"]
[Round "5"]
[White "Hadzovic, Amir"]
[Black "Abdurakhmonov, Mukhammadali"]
[Result "0-1"]
[WhiteTitle "FM"]
[BlackTitle "IM"]
[WhiteElo "2354"]
[BlackElo "2348"]
[WhiteFideId "14402300"]
[BlackFideId "14207346"]
[EventDate "2025.07.01"]

1. e4 c5 2. Nc3 g6 3. f4 Bg7 4. Nf3 a6 5. d3 b5 6. g3 Bb7 7. Bg2 e6 8. O-O Ne7
9. h3 O-O 10. Ne2 d6 11. g4 f5 12. Ng3 Nbc6 13. c3 d5 14. e5 d4 15. Ng5 Qd7 16.
Qb3 c4 17. dxc4 Na5 18. Qd1 Bxg2 19. Kxg2 Qc6+ 20. Qf3 Qxc4 21. b3 Qc8 22. Ba3
Re8 23. Bxe7 Rxe7 24. cxd4 h6 25. Nxe6 Rxe6 26. d5 fxg4 27. hxg4 Re8 28. Ne4 Rf8
29. Rac1 Qd8 30. Qd1 Nb7 31. d6 Kh8 32. Rf3 Rc8 33. Rxc8 Qxc8 34. Kh3 h5 35. Nf2
Nc5 36. Qc2 Bxe5 37. Qxg6 hxg4+ 38. Nxg4 Bg7 39. Kg2 Qc6 40. Qh5+ Kg8 41. Qg6
Qd5 42. Kg3 Ne4+ 43. Kh2 Ng5 44. Nh6+ Kh8 45. Rh3 Nxh3 46. Kxh3 Qf3+ 47. Kh4
Qxf4+ 48. Kh5 Qxh6+ 49. Qxh6+ Bxh6 50. Kxh6 Rd8 51. d7 Rxd7 52. Kg6 Rd2 53. b4
Rxa2 0-1

[Event "Titled Tue 1st Jul Late"]
[Site "chess.com INT"]
[Date "2025.07.01"]
[Round "5"]
[White "Pica, Eleni"]
[Black "Alazmi, Amani"]
[Result "0-1"]
[WhiteTitle "WCM"]
[BlackTitle "WCM"]
[WhiteElo "1686"]
[BlackElo "1725"]
[WhiteFideId "5910005"]
[BlackFideId "10303553"]
[EventDate "2025.07.01"]

1. d4 e6 2. c4 b6 3. Nc3 Bb7 4. Nf3 f5 5. Bf4 Nf6 6. e3 Be7 7. h3 O-O 8. Be2 d6
9. O-O Nbd7 10. b4 Ne4 11. Nxe4 fxe4 12. Nd2 e5 13. Bh2 Bg5 14. d5 c6 15. Nxe4
cxd5 16. cxd5 Be7 17. Rc1 Rc8 18. Rxc8 Qxc8 19. Bg4 Qd8 20. Be6+ Kh8 21. Qg4 Nf6
22. Nxf6 Bxf6 23. Rc1 a5 24. bxa5 bxa5 25. Rb1 Ba6 26. Bg3 Qc7 27. Bh4 Qc2 28.
Bf5 Qc7 29. Bxf6 Rxf6 30. Be6 Rf8 31. Qd1 e4 32. Rc1 Qe7 33. Rc6 Bd3 34. Qa4 Qf6
35. Qd1 Qxf2+ 36. Kh1 Qxe3 37. Qg4 Rf1+ 38. Kh2 Qg1+ 39. Kg3 Qf2+ 40. Kh2 Qg1+
41. Kg3 Rf8 42. Rc8 Qe1+ 43. Kh2 Rxc8 44. Bxc8 Qf2 45. Qf5 Qxf5 46. Bxf5 g6 47.
Bd7 e3 48. Kg3 e2 49. Kf2 Bc4 50. Be6 Bxa2 51. Kxe2 Kg7 52. Kd3 Kf6 53. g3 Ke5
54. Kc3 Bxd5 0-1

[Event "Titled Tue 1st Jul Late"]
[Site "chess.com INT"]
[Date "2025.07.01"]
[Round "5"]
[White "Erdogmus, Yagiz Kaan"]
[Black "Rustamov, Rustam"]
[Result "1-0"]
[WhiteTitle "GM"]
[BlackTitle "FM"]
[WhiteElo "2626"]
[BlackElo "2334"]
[WhiteFideId "44599790"]
[BlackFideId "13440110"]
[EventDate "2025.07.01"]

1. e4 c5 2. Nf3 d6 3. Nc3 a6 4. g3 Nf6 5. Bg2 g6 6. O-O Bg7 7. d4 cxd4 8. Nxd4
O-O 9. h3 Qc7 10. Re1 Nc6 11. Nde2 Be6 12. Nd5 Bxd5 13. exd5 Ne5 14. Nd4 Rac8
15. a4 Qc5 16. c3 Rfe8 17. a5 Qc7 18. Ra4 Nfd7 19. Bf1 Nc5 20. Ra2 Ncd7 21. Nc2
Nf6 22. Ra4 Qd7 23. Rd4 Qc7 24. Ra4 Qd7 25. Ra2 Qc7 26. Be3 Nc4 27. Bd4 Nxa5 28.
Ne3 b5 29. b4 Nc4 30. Nxc4 bxc4 31. Rxa6 Qd7 32. Ra7 Qf5 33. Bg2 h5 34. b5 Rcd8
35. b6 Nd7 36. Bxg7 Kxg7 37. Qd4+ Qf6 38. Qe3 Nc5 39. Bf1 Rb8 40. Rb1 Qf5 41.
Qd4+ Kg8 42. Rb4 Nd7 43. g4 hxg4 44. hxg4 Qc2 45. Rxd7 Ra8 46. b7 1-0

[Event "Titled Tue 1st Jul Late"]
[Site "chess.com INT"]
[Date "2025.07.01"]
[Round "5"]
[White "Montano Vicente, Guadalupe"]
[Black "Thake, Conrad"]
[Result "1-0"]
[BlackTitle "CM"]
[WhiteElo "1938"]
[BlackElo "1873"]
[WhiteFideId "5181399"]
[BlackFideId "5602947"]
[EventDate "2025.07.01"]

1. d4 e6 2. c4 b6 3. e4 Bb7 4. Bd3 Bb4+ 5. Bd2 Qe7 6. a3 Bxd2+ 7. Nxd2 d5 8.
Ngf3 dxc4 9. Nxc4 Nf6 10. Qe2 O-O 11. O-O Nbd7 12. Rfe1 c5 13. e5 Nd5 14. Qe4 g6
15. Nd6 Bc6 16. Bb5 Bxb5 17. Nxb5 a6 18. Nc3 Nxc3 19. bxc3 cxd4 20. cxd4 Rfc8
21. Qf4 Kg7 22. Ng5 h6 23. Ne4 Rc2 24. h4 Rac8 25. h5 g5 26. Qe3 b5 27. f4 R8c7
28. fxg5 hxg5 29. Nxg5 R7c3 30. Qf4 Nb6 31. h6+ Kg6 32. Nf3 f5 33. exf6 Qxf6 34.
Qxf6+ Kxf6 35. h7 Rc8 36. Re5 Rh8 37. Rae1 Rc6 38. Ng5 Nc4 39. Ne4+ Kf7 40. Rc5
Rxc5 41. dxc5 Rxh7 42. Ng5+ Kg6 43. Nxh7 Kxh7 44. Rxe6 Nxa3 45. Rxa6 b4 46. c6
Nb5 47. Rb6 Nc7 48. Rb7 b3 49. Rxc7+ Kg6 50. Rb7 b2 51. Rxb2 1-0

[Event "Titled Tue 1st Jul Late"]
[Site "chess.com INT"]
[Date "2025.07.01"]
[Round "5"]
[White "Lowinger, Daniel"]
[Black "Romany, Joy"]
[Result "1-0"]
[BlackTitle "WIM"]
[WhiteElo "2086"]
[BlackElo "1960"]
[WhiteFideId "2005557"]
[BlackFideId "10656820"]
[EventDate "2025.07.01"]

1. e4 e5 2. Nf3 Nc6 3. Bc4 Nf6 4. d3 h6 5. O-O d6 6. a4 g6 7. Nc3 a5 8. Re1 Bg7
9. h3 O-O 10. Be3 g5 11. Ne2 Ne7 12. Ng3 Ng6 13. d4 Re8 14. dxe5 Nxe5 15. Nxe5
Rxe5 16. Bd4 Re8 17. Qf3 Be6 18. Bxe6 fxe6 19. Rad1 Rf8 20. Qb3 Qd7 21. Nf5 Qf7
22. Nxg7 Kxg7 23. e5 dxe5 24. Bxe5 Rae8 25. Qxb7 Kg8 26. Qxc7 Re7 27. Qb6 Nd5
28. Qd4 Rd7 29. c4 Nf6 30. Qe3 Rxd1 31. Rxd1 Nh5 32. Bd6 Re8 33. c5 Nf4 34. Bxf4
gxf4 35. Qe5 Kh7 36. Qe4+ Kh8 37. Rd6 Qf6 38. Qd4 Qxd4 39. Rxd4 e5 40. Re4 Re6
41. g3 fxg3 42. f4 Kg7 43. Rxe5 Rc6 44. Kg2 Kf6 45. Kxg3 Rc8 46. Kf3 Rb8 47. c6
Rc8 48. Rc5 Ke6 49. Ke4 Kd6 50. Kd4 Rf8 51. f5 Rb8 52. c7 Rb4+ 53. Kc3 Kxc5 54.
c8=Q+ 1-0

[Event "Titled Tue 1st Jul Late"]
[Site "chess.com INT"]
[Date "2025.07.01"]
[Round "5"]
[White "Svane, Rasmus"]
[Black "Vlassov, Nikolai"]
[Result "1/2-1/2"]
[WhiteTitle "GM"]
[BlackTitle "IM"]
[WhiteElo "2626"]
[BlackElo "2291"]
[WhiteFideId "4657101"]
[BlackFideId "4103360"]
[EventDate "2025.07.01"]

1. Nf3 f5 2. d3 Nf6 3. e4 d6 4. Nc3 e5 5. exf5 Bxf5 6. d4 Nc6 7. Bb5 exd4 8.
Nxd4 Bd7 9. O-O Be7 10. Bxc6 bxc6 11. Qe2 O-O 12. Nxc6 Bxc6 13. Qc4+ d5 14. Qxc6
Rb8 15. Bf4 Rxb2 16. Bxc7 Qc8 17. Nxd5 Nxd5 18. Qxd5+ Kh8 19. Be5 Rxc2 20. Bd4
Bc5 21. Be3 Bxe3 22. fxe3 Rd8 23. Qf3 h6 24. Rf2 Rdd2 25. Rxd2 Rxd2 26. h3 Qe6
27. a4 Kh7 28. Kh1 Rd3 29. Re1 Ra3 30. Qf4 a5 31. Qd4 Rb3 32. Qc5 Qe4 33. Qxa5
Rb2 34. Rg1 Rb3 35. Qa7 Rxe3 36. Qd7 Ra3 37. Rf1 Rxa4 38. Qd6 Ra2 39. Qg3 Re2
40. Kh2 Qe5 41. Rf4 Re3 42. Rf3 Qxg3+ 43. Kxg3 Rxf3+ 44. Kxf3 Kg6 45. Kf4 Kf6
46. g3 g5+ 47. Ke4 h5 48. g4 hxg4 49. hxg4 Ke6 50. Kd4 Kd6 51. Ke4 Ke6 52. Kd4
Kd6 53. Ke4 Ke6 1/2-1/2

[Event "Titled Tue 1st Jul Late"]
[Site "chess.com INT"]
[Date "2025.07.01"]
[Round "5"]
[White "Goryachkina, Aleksandra"]
[Black "Budzisz, Adrian"]
[Result "1-0"]
[WhiteTitle "GM"]
[BlackTitle "CM"]
[WhiteElo "2533"]
[BlackElo "2100"]
[WhiteFideId "4147103"]
[BlackFideId "21860238"]
[EventDate "2025.07.01"]

1. e4 e6 2. d4 d5 3. Nc3 Bb4 4. e5 c5 5. a3 Bxc3+ 6. bxc3 Ne7 7. h4 Qa5 8. Bd2
Nbc6 9. h5 h6 10. Nf3 Qa4 11. Rh4 Nf5 12. Rg4 c4 13. Rf4 Bd7 14. g3 O-O-O 15. g4
Nfe7 16. Rxf7 Rhg8 17. Bh3 Rdf8 18. Rxf8+ Rxf8 19. Nh4 Kb8 20. f4 Be8 21. f5 Ng8
22. Be3 Qa5 23. Qd2 Qd8 24. Ng2 exf5 25. gxf5 Bxh5 26. Bf4 g5 27. fxg6 Bxg6 28.
O-O-O Qa5 29. Kb2 Qb5+ 30. Ka2 Qa4 31. e6+ Ka8 32. Rc1 Nge7 33. Bd6 Rf3 34. Bg4
Rf6 35. Nf4 Be4 36. Nh5 Rg6 37. Qf4 a5 38. Bd1 Rxe6 39. Bc7 Ka7 40. Ng7 Rg6 41.
Ne8 Rg2 42. Kb2 Qb5+ 43. Ka2 Qa4 44. Kb2 Nc8 45. Qf8 Nb6 46. Nd6 Bxc2 47. Bxb6+ 1-0

[Event "Titled Tue 1st Jul Late"]
[Site "chess.com INT"]
[Date "2025.07.01"]
[Round "5"]
[White "Girya, Olga"]
[Black "Mesquita, Eduardo Barbosa"]
[Result "1-0"]
[WhiteTitle "GM"]
[WhiteElo "2393"]
[BlackElo "2014"]
[WhiteFideId "4195752"]
[BlackFideId "22757163"]
[EventDate "2025.07.01"]

1. d4 d5 2. Nf3 Nf6 3. c4 a6 4. cxd5 Nxd5 5. e4 Nf6 6. Nc3 Bg4 7. Be2 e6 8. h3
Bh5 9. O-O Bb4 10. Bg5 Bxc3 11. bxc3 h6 12. Bxf6 Qxf6 13. Qa4+ c6 14. Qb3 b5 15.
a4 O-O 16. e5 Qf4 17. Qc2 Bg6 18. Qd2 Qxd2 19. Nxd2 Nd7 20. Bf3 Rac8 21. axb5
axb5 22. Ra7 Rfd8 23. Nb3 c5 24. Na5 cxd4 25. cxd4 b4 26. Nc6 Rxc6 27. Bxc6 Nb8
28. Ba4 Be4 29. Rd1 Kh7 30. f3 Bd5 31. Rb1 Kg6 32. Rxb4 Rc8 33. Bb3 Rc1+ 34. Kf2
Rb1 35. Bc2+ Be4 36. Bxb1 Bxb1 37. Rxb1 Nc6 38. Rab7 Nxd4 39. Kg1 Nf5 40. Kh2
Kg5 41. Rc7 Kf4 42. Rxf7 Kxe5 43. Rxf5+ Kxf5 44. Rb5+ e5 45. Kg3 g5 46. Kf2 Kf4
47. Rb6 e4 48. Rf6+ Ke5 49. Rxh6 e3+ 50. Kxe3 g4 51. hxg4 1-0